000 00281nam a22001097a 4500
008 240712b |||||||| |||| 00| 0 eng d
100 _aAorami, Vishindas
_916935
245 _aBaran Lai Tar Vadan Lai Vindar
260 _aBombay:
_bShobha Pub;
_c1969.
300 _a130p.
942 _cBK
999 _c40071
_d40071